Adult learning and technology in working-class life
Saved in:
| Main Author: | |
|---|---|
| Format: | Book |
| Language: | English |
| Published: |
Cambridge University Press
2003
|
| Tags: |
Add Tag
No Tags, Be the first to tag this record!
|
MARC
| LEADER | 00000nam a22000007a 4500 | ||
|---|---|---|---|
| 008 | 211117b ||||| |||| 00| 0 eng d | ||
| 020 | |a 0521817560 | ||
| 100 | |a SAWCHUK, Peter H. | ||
| 245 | |a Adult learning and technology in working-class life |c / Peter H. Sawchuk |g xviii, 252p.,ill. | ||
| 250 | |b (Learning in doing: social, cognitive, and computational perspectives) | ||
| 260 | |b Cambridge University Press |c 2003 |d Book |h Cambridge |i 643231 |l LC5225.Sa8 |m Adult learning - Canada. |m Working class - Education - Canada. |m Working class - Effect of technology innovations on. | ||
| 500 | |a "With index" | ||
| 942 | |a lcc |c BK |e A. R. Akinniyi |f 17 / 11 / 21 | ||
| 952 | |0 0 |1 0 |2 lcc |4 0 |6 LC5225 S A8 |7 0 |9 3883 |a HOL |b HOL |d 2021-11-17 |l 0 |o LC5225.Sa8 |p 2021-67608 |r 2021-11-17 00:00:00 |t 643231 |w 2021-11-17 |y BK | ||
| 999 | |c 1935 |d 1935 | ||